000 01218nam a2200325 a 4500
001 000116152
003 CHAP
005 20220329144603.0
008 190920s2019 mx a |sm |||||||spa d
010 _a112613
011 _a113585
040 _cCHAP
090 _aTesis
100 1 _aMorales Hernández, María Concepción.
_9136887
245 1 0 _aEstudio etnobotánico de la comunidad de Coyula, Municipio de Calnali, Hidalgo
_h[En línea]
_cpor María Concepción Morales Hernández.
260 _aChapingo, Méx. :
_bEl autor,
_c2019.
500 _aPara ver el contenido del material haga clic en la liga
502 _aTesis (Ingeniero en Restauracíón Forestal) -- UACH. División de Ciencias Forestales
590 _aBATCH-UPD
_b05
_c20190920
_lUCH01
_h1522
590 _aE6337LMJ
_b05
_c20190920
_lUCH01
_h1521
590 _aE6337LMJ
_b05
_c20190920
_lUCH01
_h1521
650 1 4 _aEtnobotánica
_xHidalgo.
_938626
650 1 4 _aFlora
_xIdentificación
_zHidalgo.
_9132446
650 1 4 _aPlantas
_xIdentificación.
_988842
700 1 _aNápoles Garrido, Jorge Raymundo.
_9136888
856 _aFinding aid
_uhttp://10.13.5.2/tesis/sist116152.pdf
_zTeclea aquí
901 _aBK
942 _cTESIS
942 _n0
999 _c112613
_d112613